NCAA Basketball Teams containing the word "State" - Statistics

General Stats
  • This quiz has been taken 444 times
  • The average score is 40 of 69
Answer Stats
Answer % Correct
Florida State
94%
Texas State
92%
Alabama State
91%
Georgia State
91%
Michigan State
91%
Oregon State
91%
Washington State
91%
Arkansas State
90%
Ohio State
90%
Arizona State
89%
Kansas State
89%
North Carolina State
88%
Oklahoma State
88%
Colorado State
86%
Illinois State
86%
New Mexico State
86%
Mississippi State
85%
North Dakota State
84%
South Dakota State
84%
Indiana State
83%
Penn State
83%
Utah State
83%
Iowa State
82%
South Carolina State
82%
Montana State
80%
Missouri State
78%
Tennessee State
78%
Idaho State
77%
Louisiana State
77%
San Diego State
67%
Boise State
63%
Delaware State
63%
San Jose State
55%
Fresno State
50%
Alcorn State
48%
Cal State Fullerton
48%
Kent State
48%
Jackson State
43%
Portland State
43%
Jacksonville State
42%
Appalachian State
40%
Ball State
40%
Sacramento State
39%
Grambling State
37%
Cal State Northridge
36%
Middle Tennessee State
36%
Murray State
36%
Northwestern State
36%
Youngstown State
36%
East Tennessee State
35%
Cleveland State
34%
Long Beach State
34%
Morehead State
34%
Kennesaw State
33%
Wichita State
33%
Cal State Bakersfield
32%
Chicago State
32%
McNeese State
32%
Mississippi Valley State
31%
Morgan State
30%
Wright State
30%
Weber State
29%
Central Connecticut State
28%
Norfolk State
28%
Sam Houston State
28%
Southeast Missouri State
28%
Coppin State
26%
Nicholls State
26%
Bowling Green State
23%
No matching quizzes found
Score Distribution
Percent of People with Each Score
Percentile by Number Answered
Your Score History
You have not taken this quiz